000 00822nam a2200253Ia 4500
003 GCL
008 140319s9999 xx 000 0 ara d
040 _aGCL /
_cGCL
082 0 4 _aق
_b932
_bا ا
100 1 _aابراهيم محمد كامل
245 1 0 _aاقليم شرق الدلتا فى عصوره التاريخية القديمة /
_cابراهيم محمد كامل
700 1 _aمحمد عبدالقادر محمد
260 _a[S.N] :
_bهيئة الاثار المصرية ،
_c1985
300 _a294 + 441 ص
490 _a
650 0 4 _aتاريخ
650 0 4 _aمصر القديمة
650 0 4 _aالدول الوسطى
650 0 4 _aالدول الحديثة
650 0 4 _aالمعابد
650 0 4 _aالحياة الدينية
650 0 4 _aعصر البطالة
942 _2ddc
_cBK
999 _c52499
_d52499